LIBRARY & INFORMATION CENTRE, KCAET, TAVANUR

ONLINE PUBLIC ACCESS CATALOGUE (OPAC)

Practcial physics / (Record no. 7519)

MARC details
000 -LEADER
fixed length control field 00424cam a2200181ua 4500
041 ## - LANGUAGE CODE
Language code of text/sound track or separate title eng
082 ## - DEWEY DECIMAL CLASSIFICATION NUMBER
Classification number 530
Item number HAR/PRq
100 ## - MAIN ENTRY--AUTHOR NAME
Personal name Harnam Singh, .
245 ## - TITLE STATEMENT
Title Practcial physics /
250 ## - EDITION STATEMENT
Edition statement 2 /
260 ## - PUBLICATION, DISTRIBUTION, ETC. (IMPRINT)
Place of publication New Delhi :
Name of publisher S.Chand and Co ,
Year of publication 1962.
300 ## - PHYSICAL DESCRIPTION
Number of Pages 431 ; .
942 ## - ADDED ENTRY ELEMENTS (KOHA)
Koha item type Books
Holdings
Withdrawn status Lost status Damaged status Home library Current library Date acquired Full call number Accession Number Koha item type Public note
Withdrawn     KAUAET KAUAET 07/04/2012 530 HAR/PR 1818 Books Deleted
free website counter